000 00581nam a2200169 4500
001 138407
003 ES-MaACL
005 20230906195547.0
007 t|
008 070214s1956 sp r ||||1| spa d
100 1 _aSandomingo, Teodoro.
_9103100
245 1 4 _aUna página de Galicia
_b: el arzobispo Rajoy y la vida local compostelana, siglo XVIII /
_cTeodoro Sandomingo ; ilustraciones de Ramón Corredoira.
260 _aLa Coruña :
_bMoret,
_c1956.
300 _a77 p., 3 lám. ;
_c21 cm.
700 1 _aCorredoira, Ramón.
_940770
852 _aES-MaACL
_j1995-F-14
_bR.39807
999 _c138407
_d138407